| 000 | 00836nam a22002297a 4500 | ||
|---|---|---|---|
| 999 |
_c2688 _d2688 |
||
| 003 | AR-CdUCM | ||
| 008 | 190305b ||||| |||| 00| 0 spa d | ||
| 040 |
_aMUNICIPALIDAD PROVINCIAL DEL CUSCO _cBIBLIOTECA MUNICIPAL DEL CUSCO |
||
| 082 |
_a325.7 / _bD98 |
||
| 100 |
_aDuran Abarca, W. _99440 |
||
| 245 | _aLa autodeterminación de las colonias en América : | ||
| 260 |
_aLima : _bEditorial Thesis, _c1966. |
||
| 300 |
_a101 Páginas ; _c20 cm. |
||
| 505 | _aContenido: Aspecto histórico y carácter del sistema colonial. Concepto general de colonia. Tipos de colonia -- Crisis y revolución en el colonialismo en América... | ||
| 650 |
_aHistoria _9136 |
||
| 650 |
_aColonia _91685 |
||
| 650 |
_aAmérica _91348 |
||
| 650 |
_aRevolución americana _99441 |
||
| 650 |
_aSoberanía _97638 |
||
| 942 |
_2ddc _cLIBROS |
||
| 945 | _adavv | ||